| 000 | 00644nam a2200193 4500 | ||
|---|---|---|---|
| 999 |
_c169043 _d169043 |
||
| 005 | 20191104155610.0 | ||
| 010 | _aENG-126811 | ||
| 020 |
_a9788181523150 _c750.00 |
||
| 035 | _aEN-110343 | ||
| 037 | _bDBAD/PUB | ||
| 082 | _a822 | ||
| 100 | _aMukherjee, Nibedita | ||
| 245 |
_aThe dark forces in Shakespeare's plays / _cby Nibedita Mukherjee |
||
| 260 |
_aJaipur _bBook Enclave _c2013 |
||
| 270 |
_aF-11, S.S.Tower, Dhamani Street, Chaura Rasta _e302003 _mbooksenclave@yahoo.com _bJaipur _k9414443132 |
||
| 300 |
_a197p. _c21cm(Hb) |
||
| 500 | _aIncludes bibliographical references and index | ||
| 942 |
_2ddc _cEN _h822 _mMUK |
||